Normal view
MARC view
Entry Topical Term
001 - CONTROL NUMBER
- control field: 705071
003 - CONTROL NUMBER IDENTIFIER
- control field: OSt
005 - DATE AND TIME OF LATEST TRANSACTION
- control field: 20221007103428.0
008 - FIXED-LENGTH DATA ELEMENTS
- fixed length control field: 221007|| aca||aabn | a|a d
040 ## - CATALOGING SOURCE
- Original cataloging agency: OSt
- Transcribing agency: OSt
150 ## - HEADING--TOPICAL TERM
- Topical term or geographic name entry element: IncomeTax
670 ## - SOURCE DATA FOUND
- Source citation: Work cat.: (OSt)1182709: Rai Kailash, Aaykar Vidhi ave Dhankar Vidhi, 2000
